02838nam a22003257a 4500001000400000003000400004005001700008008004100025040000800066041000800074082001800082100003200100245006900132260005000201300001600251520167600267650003101943650003001974650002002004650003402024650001602058650002602074655001402100655002602114700004002140942001502180952015202195952015202347999001302499261OSt20250317075440.0250224b |||||||g |||| 00| 0 eng d bpor hpor aB869.93bM538 aMendes, Ivod1933-20089479 aTem Base?!...2 /cMendes, Ivo ; Ilustração de André Castro abelo HorizontebGráfica São Geraldoc1999 a213 p.bil. aO livro "TEM BASE?!...1, foi fruto da insistência dos meus amigos, o engenheiro José Furtado, de Araxá, e do médico Edmond Abras, de Belo Horizonte. Julguei que minha incursão pela área literária ficasse por aí. Não foi bem assim. Embora eu me retraísse por um bom período, as cobranças, mormente dos amigos de Ibiá e Araxá, eram constantes para que eu continuasse. O saudoso Nicolau Neto, jornalista e colunista social do jornal ESTADO DE MINAS, leu o livrinho e gostou dele. E também passou a me cobrar continuidade, sugerindo que eu partisse para romances. Eu agradecia e permanecia estático. Em fins do ano de 1997, recebi em minha casa a visita de Ana Paula Machado, do jornal O CLARIM, de Araxá. Na ocasião, a simpática jornalista me fez um convite para colaborar com o jornal, me oferecendo espaço para uma coluna. Foi o recomeço e daí as cobranças de intensificaram. E aí está o "TEM BASE?!...2". Traçar os retratos de nosso povo com humor, os "causos" que precisam ser registrados, me estimularam a lançar este volume. Cada morador, cada companheiro, cada conhecido, fornece nas atitudes espontâneas, nas quedas e saltos da vida, subsídios para que eu me entusiasme e os coloque no papel. Nosso povo é uma riqueza imensa de piadas e pegadas e basta o olhar objetivo e vigilante para que aquilo se transforme numa folha do meu livro. Não existe nenhuma razão subjetiva no seu conteúdo. Trata-se tão somente do registro de "causos" pitorescos ocorridos no dia a dia da gente simples e ordeira de nossa região. Quanto a sugestão do memorável jornalista Nicolau Neto, só o futuro dirá...  0aLiteratura Brasileira9205 0aEscritores Ibiaenses9480 0aFatos Reais933 0aTradições e Costumes9478 0aCausos9481 0aHistorias curtas 967 0aConto968 0aNão Ficção9102 aAndré CastroeIlustração9482 2ddcn0cBK 00102ddc3vol. 0240708REVaBIBIBbBIBIBcLId2025-02-24edoaçãol0oB869.93 / M538p2025-17212r2025-02-24 13:54:09tEx. 01w2025-02-24yBK 00102ddc3vol. 0240708REVaBIBIBbBIBIBcLId2025-02-24edoaçãol0oB869.93 / M538p2025-17213r2025-02-24 13:54:09tEx. 02w2025-02-24yBK c261d261